| 000 | 01255 a2200241 4500 | ||
|---|---|---|---|
| 005 | 20180208160221.0 | ||
| 010 | _aHIN-80503 B-531850-853 | ||
| 020 |
_c300.00 _a818899202x |
||
| 035 | _aHN-52849 B-531850-853 | ||
| 037 | _bD.B.Act / pub | ||
| 037 | _bस्टार पब्लिकेशन्स | ||
| 082 | _aक | ||
| 100 | _aगुप्ता, विनोद | ||
| 245 |
_aपुराणों की कथाएँ / _cविनोद गुप्ता |
||
| 246 |
_aPuranon ki Kathayen _bby Vinod Gupta |
||
| 260 |
_aनई दिल्ली _bलक्ष्य बुक्स _c2013 |
||
| 270 |
_a315, हरिनगर आश्रम, मथुरा रोड _bनई दिल्ली _e110014 |
||
| 300 |
_a160 पृ _c21 से.मी.(सजिल्द) |
||
| 650 | _aहिन्दी कहानियाँ | ||
| 650 | _aHindi Stories | ||
| 942 |
_adpl _cHN _kक / गुप्तावि _2ddc _hक _mगुप्तावि |
||
| 999 |
_c6003 _d6003 |
||